01015cam a2200265 a 4500001001000000003000900010005001700019008004100036040002500077082002600102245009700128260004600225300002800271504004000299650003600339650005200375650004800427700003000475700002800505700002700533700002700560942001400587952013100601999001700732000014698DO-SdBNP20231114124155.0790604s1978 cl a b 000 0 spa  aDO-SdBNPbspacBNPHU 4a305.420983bT796e22200aTres ensayos sobre la mujer chilena :bsiglos XVIII-XIX-XX /cLucia Santa Cruz ... [et al.]. aSantiago, Chile :bUniversitaria,cc1978. a328 p. :bil. ;c23 cm. aIncluye bibliografía: p. 323-327. 4aMujereszChilexHistoria933324 4aMujereszChilexCondiciones económicas933325 4aMujereszChilexCondiciones sociales9333261 aSanta Cruz, Lucia.9333271 aPereira, Teresa.9333281 aZegers, Isabel.9333291 aMaino, Valeria.933330 2ddccLBS1 00102ddc51708PDaBNPHUbBNPHUcCTd2010-01-18iLF1l0o305.420983 T796ep14698-10r2020-06-25w2020-06-25y1ZNo se presta c14281d14281